Οι άγιοι του Πόντου

Αποθηκεύτηκε σε:
Λεπτομέρειες βιβλιογραφικής εγγραφής
Κύριος συγγραφέας: Μαγδαληνή, Μοναχή
Μορφή: Βιβλίο
Γλώσσα:Greek
Δημοσίευση: Αθήναι : [χ.ό.], 1984
Θέματα:
Ετικέτες: Προσθήκη ετικέτας
Δεν υπάρχουν, Καταχωρήστε ετικέτα πρώτοι!

MARC

LEADER 00000cam a2200000 i 4500
001 1/57606
008 040616s1984 gre d
035 |l 10073801 
040 |a GR-MY-UA  |b gre  |e aacr 
041 0 |a gre 
082 0 |a 270.092 
100 1 |a Μαγδαληνή,   |c Μοναχή. 
245 1 3 |a Οι άγιοι του Πόντου /  |c Μαγδαληνής Μοναχής 
260 |a Αθήναι :   |b [χ.ό.],   |c 1984 
300 |a 719 σ. 
650 0 0 |a Christian saints  |x Biography. 
852 |a INST  |b RHODES  |c AKA  |e 20040616  |h  270.092 ΜΑΓ  |p 005400018795  |q 005400018795  |t BK  |y 0 
901 |a BIBL4-2004-2 
909 |a Ρ  |b 105058 
970 |a ΚΟΥΛΑΚΙΟΤΗ  |b ΛΙΤΣΑ  |z 2004/06/16